Quality in precast concrete : (Record no. 7406)

MARC details
000 -LEADER
fixed length control field 00937nac a22002291u 4500
010 ## - LIBRARY OF CONGRESS CONTROL NUMBER
LC control number 90013363
020 ## - INTERNATIONAL STANDARD BOOK NUMBER
International Standard Book Number 0582050669
020 ## - INTERNATIONAL STANDARD BOOK NUMBER
International Standard Book Number 0470216859 (USA)
082 00 - DEWEY DECIMAL CLASSIFICATION NUMBER
Classification number 666.893
Item number RIC
090 ## - LOCALLY ASSIGNED LC-TYPE CALL NUMBER (OCLC); LOCAL CALL NUMBER (OCLC)
-- 7406
-- 7406
100 ## - MAIN ENTRY--PERSONAL NAME
Personal name Richardson, John Georg
245 10 - TITLE STATEMENT
Title Quality in precast concrete :
Remainder of title design--production--supervision /
Statement of responsibility, etc John G. Richardson.
260 ## - PUBLICATION, DISTRIBUTION, ETC. (IMPRINT)
Place of publication, distribution, etc Harlow, Essex, England :
Name of publisher, distributor, etc Longman Scientific & Technical ;
Place of publication, distribution, etc New York :
Name of publisher, distributor, etc Copublished in the U.S. with Wiley,1991
Date of publication, distribution, etc 1991.
300 ## - PHYSICAL DESCRIPTION
Extent x, 395 p. :
Other physical details ill. ;
Dimensions 25 cm.
440 #0 -
-- Concrete design and construction series
500 ## - GENERAL NOTE
General note distributer: Al-Ahram
504 ## - BIBLIOGRAPHY, ETC. NOTE
Bibliography, etc Includes bibliographical references and index.
511 ## - PARTICIPANT OR PERFORMER NOTE
Participant or performer note catalogued by: wessam
650 #0 - SUBJECT ADDED ENTRY--TOPICAL TERM
Topical term or geographic name as entry element Precast concrete.
942 ## - ADDED ENTRY ELEMENTS (KOHA)
Item type Book - Borrowing
Call number prefix 666.893RIC
Holdings
Withdrawn status Item status Damaged status Not for loan Home library Current library Shelving location Date acquired Source of acquisition Total Checkouts Total Renewals Full call number Barcode Date last seen Date last borrowed Koha item type
        Central Library Central Library First floor 23/01/2008 Purchase 4 4 666.893RIC 000008938 15/07/2025 06/04/2016 Book - Borrowing